Ve Symphonie [ (Record no. 171359)
[ view plain ]
| 000 -LEADER | |
|---|---|
| campo de control de longitud fija | 00800nam a2200217 i 4500 |
| 001 - NÚMERO DE CONTROL | |
| campo de control | 171359 |
| 003 - IDENTIFICADOR DE NÚMERO DE CONTROL | |
| campo de control | ES-MaACL |
| 005 - FECHA Y HORA DE LA ÚLTIMA TRANSACCIÓN | |
| campo de control | 20250518063241.0 |
| 008 - DATOS DE LONGITUD FIJA--INFORMACIÓN GENERAL | |
| campo de control de longitud fija | 090512s1951 fr |||| | fre d |
| 080 ## - NÚMERO DE LA CLASIFICACIÓN DECIMAL UNIVERSAL | |
| Número de la Clasificación Decimal Universal | 78.089.6 |
| 100 1# - ENTRADA PRINCIPAL--NOMBRE DE PERSONA | |
| Nombre de persona | Beethoven, Ludwig van, |
| Fechas asociadas al nombre | 1770-1827 |
| 9 (RLIN) | 240507 |
| 245 10 - MENCIÓN DEL TÍTULO | |
| Título | Ve Symphonie [ |
| Medio | música impresa] |
| Resto del título | : ut mineur- c minor- c moll, op.67 / |
| Mención de responsabilidad, etc. | L. van Beethoven. |
| 246 1# - FORMA VARIANTE DEL TITULO | |
| Título propio/Titulo breve | 5e Symphonie en ut mineur, op.67 |
| 260 ## - PUBLICACIÓN, DISTRIBUCIÓN, ETC. | |
| Lugar de publicación, distribución, etc. | Paris : |
| Nombre del editor, distribuidor, etc. | Heugel & Cie, |
| Fecha de publicación, distribución, etc. | 1951. |
| 300 ## - DESCRIPCIÓN FÍSICA | |
| Extensión | 1 partitura (136 p.) ; |
| Dimensiones | 19 cm. |
| 490 1# - MENCIÓN DE SERIE | |
| Mención de serie | Partitions de poche. Oeuvres classiques |
| 650 04 - PUNTO DE ACCESO ADICIONAL DE MATERIA--TÉRMINO DE MATERIA | |
| Término de materia o nombre geográfico como elemento de entrada | Partituras. |
| 9 (RLIN) | 15877 |
| 830 0# - PUNTO DE ACCESO ADICIONAL DE SERIE-TÍTULO UNIFORME | |
| Título uniforme | Partitions de poche. Oeuvres classiques |
| 9 (RLIN) | 223167 |
| 852 4# - LOCALIZACIÓN | |
| Ubicación | ES-MaACL |
| Número de control de estantería | E-12603 |
| itemnumber | 140247 |
| Nota libre | . - Biblioteca Jacinto Martínez Lacalle |
| Estatus retirado | Estado de pérdida | Estado de daño | No para préstamo | Biblioteca de origen | Biblioteca actual | Ubicación en estantería | Fecha de adquisición | Fuente de adquisición | Total de préstamos | Signatura topográfica completa | Código de barras | Visto por última vez | Precio de reemplazo | Tipo de ítem Koha |
|---|---|---|---|---|---|---|---|---|---|---|---|---|---|---|
| Biblioteca del Ateneo de Madrid | Biblioteca del Ateneo de Madrid | Depósito 2 | 12/05/2009 | E-12603 | 1179833 | 23/02/2023 | 23/02/2023 | Libro impreso |
